Datum a čas kvízu
38
Celkem bodů
Celkový počet nahraných bodů na tomto kvízu bez doplňovacích otázek.
3.
Pořadí na kvízu
Konečné umístění týmu na tomto kvízu.
Zaznamenané odpovědi
| # | Otázka | Odpověď | Body | Výsledky |
|---|---|---|---|---|
| 2. | Donald Trump oznámil, že chce... | vítězný oblouk | 1 | |
| 3. | Středeční přehlídka spodního p... | A) v devátém měsíci těhotenství | 1 | |
| 4. | Která společnost se umístila n... | Apple | 0 | |
| 5. | Fotbalisté z malého afrického... | Kapverdy | 1 | |
| 1. | Minulý čtvrtek byl na několik... | Metrouš | 1 | |
| 6. | Asijská poušť Karakum, uprostř... | Turkmenistán | 1 | |
| 7. | Uveďte, kterým čtyřpísmenným p... | vádí | 1 | |
| 8. | Vyberte, se kterým živočichem... | B | 1 | |
| 9. | Pokud bylo cílovým místem slav... | růžová (Růžové jezero) | 0 | |
| 10. | Který spisovatel je autorem vě... | Frank Herbert | 0 |